Normal view
MARC view
- Quang, Nguyen Phung
Entry Personal Name
001 - CONTROL NUMBER
- control field: 115122
003 - CONTROL NUMBER IDENTIFIER
- control field: NUST
005 - DATE AND TIME OF LATEST TRANSACTION
- control field: 20230912165202.0
008 - FIXED-LENGTH DATA ELEMENTS
- fixed length control field: 230912|| aca||aabn | a|a d
040 ## - CATALOGING SOURCE
- Original cataloging agency: NUST
- Transcribing agency: NUST
100 ## - HEADING--PERSONAL NAME
- Personal name: Quang, Nguyen Phung
670 ## - SOURCE DATA FOUND
- Source citation: Work cat.: (NUST): Quang, Nguyen Phung, Vector control of three-phase AC machines:, 2015
